00494nam a2200193 a 4500001001300000003000900013005001700022008004100039020001000080082001900090100001900109245003600128260003500164300000900199500003500208505001000243650002800253700001900281nice12345678IN_TiNIC20260116011538.0050524s1933 teha grp 000 0 per  ac10000a398.20955bHED aHedayat, Sadiq aNeyrangastanb Persian Folklore aTehranbDaanishgah Pressc1933 a164p aincludes index and biblioraphy2 aIndex aFolk Literature-Persian1 aHedayat, Sadiq